[Event "298th YMCA Winter C"]
[Site "Warsaw"]
[Date "2025.01.08"]
[Round "1"]
[White "Milczak, Piotr"]
[Black "Pazderska, Magdalena"]
[Result "1-0"]
[WhiteElo "1679"]
[BlackElo "1758"]
[PlyCount "43"]
[EventDate "2025.01.07"]
[EventType "tourn"]
[EventRounds "1"]
[EventCountry "POL"]
[SourceDate "2025.01.07"]

1. d4 d5 2. c4 c6 3. Nc3 Nf6 4. e3 Nbd7 5. Bd3 e5 6. cxd5 Nxd5 7. Nxd5 cxd5 8.
dxe5 Nxe5 9. Bb5+ Nc6 10. Bd2 Be7 11. Ne2 O-O 12. O-O Bg4 13. Qa4 Ne5 14. Bc3
Bxe2 15. Bxe2 Bd6 16. Rfd1 Qb8 17. Qd4 Nf3+ 18. Bxf3 Bxh2+ 19. Kh1 f6 20. Qxd5+
Kh8 21. Qxb7 Be5 22. Qxa8 1-0

[Event "298th YMCA Winter C"]
[Site "Warsaw"]
[Date "2025.01.07"]
[Round "1"]
[White "Wiktorowski, Janusz"]
[Black "Bachanek, Kacper"]
[Result "1-0"]
[WhiteElo "1580"]
[BlackElo "1608"]
[PlyCount "61"]
[EventDate "2025.01.07"]
[EventType "tourn"]
[EventRounds "1"]
[EventCountry "POL"]
[SourceDate "2025.01.07"]

1. e4 e5 2. Nf3 Nc6 3. Bc4 Nf6 4. d3 Bc5 5. O-O d6 6. h3 O-O 7. c3 Be6 8. Bxe6
fxe6 9. Qb3 Qd7 10. Qxb7 Rab8 11. Qa6 Rb6 12. Qa4 Nd4 13. Qxd7 Nxf3+ 14. gxf3
Nxd7 15. b4 Rxf3 16. bxc5 Nxc5 17. Be3 Rc6 18. Kg2 Rf6 19. Bxc5 Rxc5 20. c4 Rc6
21. Nd2 Rf8 22. Rfb1 a5 23. a4 d5 24. Rb5 Ra8 25. exd5 exd5 26. Rxd5 Rg6+ 27.
Kh2 Rf8 28. f3 Rb6 29. Rb5 Rd6 30. Ra3 Re6 31. Rxa5 1-0

[Event "298th YMCA Winter C"]
[Site "Warsaw"]
[Date "2025.01.08"]
[Round "1"]
[White "Sypula, Krzysztof"]
[Black "Marczukiewicz, Slawomir"]
[Result "1/2-1/2"]
[WhiteElo "1666"]
[BlackElo "1622"]
[PlyCount "38"]
[EventDate "2025.01.07"]
[EventType "tourn"]
[EventRounds "1"]
[EventCountry "POL"]
[SourceDate "2025.01.07"]

1. Nf3 d5 2. e3 Bg4 3. c4 c6 4. Qb3 Qb6 5. Qxb6 axb6 6. Ne5 Be6 7. cxd5 Bxd5 8.
Nc3 Be6 9. d4 b5 10. d5 Nd7 11. Nxc6 bxc6 12. dxe6 fxe6 13. b3 g6 14. Bb2 Bg7
15. a4 bxa4 16. Rxa4 Rxa4 17. bxa4 Kf7 18. Kd1 Ngf6 19. Be2 Rb8 $11 1/2-1/2

[Event "298th YMCA Winter C"]
[Site "Warsaw"]
[Date "2025.01.08"]
[Round "1"]
[White "Glowacki, Mateusz"]
[Black "Szuszkiewicz, Stanislaw"]
[Result "1/2-1/2"]
[WhiteElo "1687"]
[BlackElo "1629"]
[PlyCount "65"]
[EventDate "2025.01.07"]
[EventType "tourn"]
[EventRounds "1"]
[EventCountry "POL"]
[SourceDate "2025.01.07"]

1. e4 e5 2. Bc4 Nf6 3. d4 Nc6 4. d5 Ne7 5. Nc3 Ng6 6. h4 h5 7. Bg5 Be7 8. Nge2
d6 9. Qd2 Nh7 10. Bxe7 Qxe7 11. g3 Bd7 12. O-O-O Nf6 13. f3 a6 14. Rdf1 b5 15.
Bd3 b4 16. Nd1 a5 17. Ne3 Rb8 18. Nf5 Bxf5 19. exf5 Nf8 20. Nd4 Qd7 21. Qe2
Nxd5 22. Bb5 Rxb5 23. Qxb5 Qxb5 24. Nxb5 Kd7 25. Rd1 Ne3 26. Rd3 Nxf5 27. c4
Ne6 28. g4 Nf4 29. Rd2 Ne7 30. c5 d5 31. a4 Nc6 32. Kb1 f6 33. Kc1 1/2-1/2

[Event "298th YMCA Winter C"]
[Site "Warsaw"]
[Date "2025.01.08"]
[Round "1"]
[White "Alvarado, Luis"]
[Black "Kepa, Wojciech"]
[Result "0-1"]
[WhiteElo "1646"]
[BlackElo "1687"]
[PlyCount "69"]
[EventDate "2025.01.07"]
[EventType "tourn"]
[EventRounds "1"]
[EventCountry "POL"]
[SourceDate "2025.01.07"]

1. e4 c5 2. Nf3 e6 3. d4 cxd4 4. Nxd4 Nc6 5. Be3 a6 6. Nc3 Qc7 7. Be2 Nf6 8.
O-O Bb4 9. f3 O-O 10. Nxc6 bxc6 11. Na4 d5 12. exd5 exd5 13. Bd3 Bd6 14. f4 Ng4
15. Qf3 Nxe3 16. Qxe3 c5 17. b3 Bd7 18. Kh1 Rfe8 19. Qf3 c4 20. Be2 Re4 21.
Bxc4 Rxc4 22. bxc4 Bxa4 23. Qxd5 Rd8 24. Rab1 Bc6 25. Qd4 Bc5 26. Qc3 Rd4 27.
Qb3 Rd2 28. Qb8+ Qxb8 29. Rxb8+ Bf8 30. Rg1 Rxc2 31. Rb6 Rxc4 32. Rxa6 g6 33.
f5 gxf5 34. h3 Rc2 35. Ra3 0-1

[Event "298th YMCA Winter C"]
[Site "Warsaw"]
[Date "2025.01.22"]
[Round "2"]
[White "Pazderska, Magdalena"]
[Black "Kepa, Wojciech"]
[Result "1/2-1/2"]
[WhiteElo "1758"]
[BlackElo "1687"]
[PlyCount "113"]
[EventDate "2025.01.07"]
[EventType "tourn"]
[EventRounds "1"]
[EventCountry "POL"]
[SourceDate "2025.01.07"]

1. c4 Nf6 2. Nc3 g6 3. g3 Bg7 4. Bg2 O-O 5. d4 d6 6. e3 Nbd7 7. Nge2 c5 8. O-O
Nb6 9. b3 Rb8 10. Bb2 Bg4 11. Qd2 cxd4 12. Nxd4 d5 13. c5 Nbd7 14. b4 Ne5 15.
Bc1 Ne4 16. Nxe4 dxe4 17. Bxe4 Nf3+ 18. Bxf3 Bxf3 19. Rb1 Bxd4 20. Qxd4 Qxd4
21. exd4 Rfd8 22. Bb2 a6 23. Rfe1 e6 24. Re3 Bd5 25. Rbe1 Bxa2 26. Kg2 Bd5+ 27.
f3 f5 28. Kf2 Kf7 29. Ke2 h5 30. Kd2 h4 31. Kc3 hxg3 32. hxg3 Rh8 33. R1e2 Rh3
34. f4 Rbh8 35. Bc1 Rh1 36. Bd2 R8h3 37. Be1 R3h2 38. b5 axb5 39. Kb4 Bc4 40.
Rxh2 Rxh2 41. Ka5 Rb2 42. Bb4 Bd5 43. Kxb5 Rb3 44. Re1 Rxg3 45. Bd2 Rd3 46. Be3
Kf6 47. Kb6 Rb3+ 48. Kc7 Bc6 49. Kd6 Bd5 50. Bf2 Kf7 51. Bh4 Rd3 52. Ke5 Rb3
53. Kd6 Rb4 54. Ke5 Rb3 55. Kd6 Rb4 56. Bf2 Kf6 57. Bh4+ 1/2-1/2

[Event "298th YMCA Winter C"]
[Site "Warsaw"]
[Date "2025.01.15"]
[Round "2"]
[White "Szuszkiewicz, Stanislaw"]
[Black "Alvarado, Luis"]
[Result "0-1"]
[WhiteElo "1629"]
[BlackElo "1646"]
[PlyCount "90"]
[EventDate "2025.01.07"]
[EventType "tourn"]
[EventRounds "1"]
[EventCountry "POL"]
[SourceDate "2025.01.07"]

1. e4 c6 2. d4 d5 3. exd5 cxd5 4. Bd3 Nc6 5. c3 Qc7 6. Qb3 e6 7. Nf3 Nf6 8. O-O
Be7 9. Re1 O-O 10. Bg5 h6 11. Bh4 Na5 12. Qc2 a6 13. Ne5 Nc4 14. Bxc4 dxc4 15.
Nd2 b5 16. a4 Bb7 17. f3 Bd5 18. Bg3 Bd6 19. h3 Nh5 20. Bh2 f6 21. Ng4 Bxh2+
22. Nxh2 Nf4 23. Ne4 Nd3 24. Re2 f5 25. Nf2 Nf4 26. Re5 Rf6 27. axb5 Rg6 28. g4
h5 29. Qd2 fxg4 30. hxg4 hxg4 31. Nhxg4 Nd3 32. Nxd3 Bxf3 33. Ndf2 Bxg4 34.
Nxg4 Rxg4+ 35. Kh1 Qf7 36. Qe3 Rh4+ 37. Kg2 Qg6+ 38. Rg5 Qc2+ 39. Kg1 Qh2+ 40.
Kf1 Rf8+ 41. Ke1 Re4 42. Qxe4 Qf2+ 43. Kd1 Qf1+ 44. Kd2 Rf2+ 45. Ke3 Qe2# 0-1

[Event "298th YMCA Winter C"]
[Site "Warsaw"]
[Date "2025.01.14"]
[Round "2"]
[White "Marczukiewicz, Slawomir"]
[Black "Glowacki, Mateusz"]
[Result "1-0"]
[WhiteElo "1622"]
[BlackElo "1687"]
[PlyCount "65"]
[EventDate "2025.01.07"]
[EventType "tourn"]
[EventRounds "1"]
[EventCountry "POL"]
[SourceDate "2025.01.07"]

1. e4 c5 2. Nf3 a6 3. c4 Nc6 4. Nc3 e5 5. d3 d6 6. g3 Be7 7. Bg2 Nd4 8. Nxd4
cxd4 9. Nd5 Nf6 10. Nxf6+ Bxf6 11. O-O h5 12. f4 Bg4 13. Bf3 Qd7 14. f5 Bxf3
15. Qxf3 O-O-O 16. Bd2 h4 17. g4 Qe7 18. h3 Bg5 19. f6 Qxf6 20. Qxf6 Bxf6 21.
g5 Be7 22. Rxf7 Bf8 23. Raf1 Re8 24. Kg2 Rg8 25. Kf3 Be7 26. Kg4 b5 27. cxb5
axb5 28. Kxh4 Kd7 29. Kg4 Ke6 30. g6 Rc8 31. h4 Rc2 32. R1f2 Rxb2 33. Rxe7+ 1-0

[Event "298th YMCA Winter C"]
[Site "Warsaw"]
[Date "2025.01.15"]
[Round "2"]
[White "Bachanek, Kacper"]
[Black "Sypula, Krzysztof"]
[Result "0-1"]
[WhiteElo "1608"]
[BlackElo "1666"]
[PlyCount "82"]
[EventDate "2025.01.07"]
[EventType "tourn"]
[EventRounds "1"]
[EventCountry "POL"]
[SourceDate "2025.01.07"]

1. d4 Nf6 2. c4 d6 3. Nf3 g6 4. g3 Bg7 5. Bg2 O-O 6. O-O c6 7. b3 Na6 8. Bb2
Rb8 9. Nbd2 b5 10. Re1 bxc4 11. Nxc4 Be6 12. Rc1 c5 13. Ng5 Bxc4 14. Rxc4 h6
15. Nf3 d5 16. Ra4 Qb6 17. dxc5 Nxc5 18. Bd4 Nfd7 19. Bxg7 Kxg7 20. Rh4 Ne4 21.
Qxd5 Qxf2+ 22. Kh1 Nef6 23. Qd4 Qxd4 24. Rxd4 Rfc8 25. e4 Nb6 26. e5 Nfd5 27.
e6 f6 28. Nd2 Rd8 29. Nc4 Nc7 30. Rde4 f5 31. R4e2 Nxc4 32. bxc4 Kf6 33. Bc6
Rb4 34. Bd7 Rxc4 35. Rf2 Nd5 36. Rb1 Nb6 37. Rd2 Rc7 38. Rbd1 Nc8 39. Kg2 Nd6
40. g4 fxg4 41. Rf2+ Nf5 0-1

[Event "298th YMCA Winter C"]
[Site "Warsaw"]
[Date "2025.01.14"]
[Round "2"]
[White "Milczak, Piotr"]
[Black "Wiktorowski, Janusz"]
[Result "1-0"]
[WhiteElo "1679"]
[BlackElo "1580"]
[PlyCount "111"]
[EventDate "2025.01.07"]
[EventType "tourn"]
[EventRounds "1"]
[EventCountry "POL"]
[SourceDate "2025.01.07"]

1. d4 d5 2. c4 e6 3. Nc3 Nc6 4. Nf3 g6 5. Bg5 Be7 6. Bxe7 Ngxe7 7. e3 a6 8. a3
Nf5 9. Bd3 dxc4 10. Bxc4 O-O 11. O-O b5 12. Be2 Bb7 13. Qc2 Nce7 14. Rfd1 Nd6
15. b3 f5 16. Rac1 Rc8 17. Ne5 c6 18. b4 Nd5 19. Qb3 Qe7 20. Bf3 Nxc3 21. Rxc3
Ne4 22. Rc2 Kg7 23. Rdc1 Qd6 24. Qd3 Rc7 25. Be2 Nf6 26. f3 Nd5 27. f4 Rfc8 28.
Bf3 Qe7 29. Bxd5 cxd5 30. Rc5 Rxc5 31. Rxc5 Qh4 32. g3 Qe7 33. Qc3 Qd8 34. Kf2
Kf6 35. h4 Rxc5 36. dxc5 Ke7 37. Qd4 Qc7 38. Nf3 Kd7 39. Qg7+ Kc8 40. Qh8+ Qd8
41. Qxh7 d4 42. Nxd4 Qd5 43. Qh8+ Kd7 44. Qg7+ Ke8 45. Qg8+ Kd7 46. Qf7+ Kc8
47. Qxe6+ Kb8 48. Qxd5 Bxd5 49. Nf3 Bf7 50. Ne5 Be8 51. Kf3 Kb7 52. g4 Bc6+ 53.
Nxc6 Kxc6 54. gxf5 gxf5 55. h5 a5 56. h6 1-0

[Event "298th YMCA Winter C"]
[Site "Warsaw"]
[Date "2025.01.24"]
[Round "3"]
[White "Wiktorowski, Janusz"]
[Black "Pazderska, Magdalena"]
[Result "1-0"]
[WhiteElo "1580"]
[BlackElo "1758"]
[PlyCount "43"]
[EventDate "2025.01.07"]
[EventType "tourn"]
[EventRounds "1"]
[EventCountry "POL"]
[SourceDate "2025.01.07"]

1. e4 c5 2. Nf3 Nc6 3. d4 cxd4 4. Nxd4 Nxd4 5. Qxd4 e6 6. Nc3 Qc7 7. Be3 e5 8.
Qd3 Nf6 9. Nb5 Qd8 10. O-O-O a6 11. Nd6+ Bxd6 12. Qxd6 Qe7 13. Qc7 Nxe4 14. f3
Nf6 15. Bc5 Qe6 16. b3 Nd5 17. Rxd5 Qxd5 18. Bc4 Qc6 19. Qxe5+ Kd8 20. Be7+ Ke8
21. Bd6+ Kd8 22. Qe7# 1-0

[Event "298th YMCA Winter C"]
[Site "Warsaw"]
[Date "2025.01.22"]
[Round "3"]
[White "Sypula, Krzysztof"]
[Black "Milczak, Piotr"]
[Result "1/2-1/2"]
[WhiteElo "1666"]
[BlackElo "1679"]
[PlyCount "111"]
[EventDate "2025.01.07"]
[EventType "tourn"]
[EventRounds "1"]
[EventCountry "POL"]
[SourceDate "2025.01.07"]

1. Nf3 Nf6 2. c4 e6 3. g3 d5 4. d4 c6 5. Qc2 Bd6 6. Bg2 b6 7. O-O O-O 8. b3 Bb7
9. Nc3 Nbd7 10. Bb2 Rc8 11. e4 dxe4 12. Nxe4 Nxe4 13. Qxe4 Nf6 14. Qe2 Re8 15.
Rfd1 Qc7 16. Ne5 c5 17. dxc5 Bxc5 18. Rd3 Bxg2 19. Kxg2 Rcd8 20. Rad1 Rxd3 21.
Rxd3 Rd8 22. Qd1 Rxd3 23. Qxd3 Qd6 24. Qxd6 Bxd6 25. Nc6 a5 26. Bd4 Nd7 27. f4
Bc5 28. Bb2 Kf8 29. Kf3 f6 30. a3 Kf7 31. b4 axb4 32. axb4 Bd6 33. Bc3 h5 34.
h3 Ke8 35. g4 hxg4+ 36. hxg4 g6 37. Ke4 Kf7 38. f5 exf5+ 39. gxf5 gxf5+ 40.
Kxf5 Bc7 41. Bd4 Bd6 42. Bc3 Bc7 43. Ke4 Ke6 44. Nd4+ Ke7 45. Kd5 Ke8 46. Nb5
Be5 47. Bd2 Bb8 48. Be3 Ke7 49. Nd4 Be5 50. Nf5+ Kd8 51. Kc6 Bc7 52. Nd4 Kc8
53. Ne6 Ne5+ 54. Kb5 Nd7 55. Bd4 Kb7 56. c5 $11 1/2-1/2

[Event "298th YMCA Winter C"]
[Site "Warsaw"]
[Date "2025.01.23"]
[Round "3"]
[White "Glowacki, Mateusz"]
[Black "Bachanek, Kacper"]
[Result "1-0"]
[WhiteElo "1687"]
[BlackElo "1608"]
[PlyCount "23"]
[EventDate "2025.01.07"]
[EventType "tourn"]
[EventRounds "1"]
[EventCountry "POL"]
[SourceDate "2025.01.07"]

1. e4 e5 2. Bc4 Nc6 3. Nc3 Bc5 4. Qg4 Qf6 5. Nd5 Qxf2+ 6. Kd1 Kf8 7. Nh3 Qd4 8.
d3 Bb6 9. Qh5 Na5 10. Rf1 f6 11. Nxf6 Nxc4 12. Qe8# 1-0

[Event "298th YMCA Winter C"]
[Site "Warsaw"]
[Date "2025.01.22"]
[Round "3"]
[White "Alvarado, Luis"]
[Black "Marczukiewicz, Slawomir"]
[Result "1/2-1/2"]
[WhiteElo "1646"]
[BlackElo "1622"]
[PlyCount "50"]
[EventDate "2025.01.07"]
[EventType "tourn"]
[EventRounds "1"]
[EventCountry "POL"]
[SourceDate "2025.01.07"]

1. e4 c5 2. Nf3 a6 3. d4 cxd4 4. Nxd4 Nf6 5. Nc3 Nc6 6. Bf4 d6 7. Nxc6 bxc6 8.
e5 Ng4 9. exd6 exd6 10. Be2 Nf6 11. O-O Be7 12. Bf3 d5 13. Ne2 O-O 14. c4 Bb7
15. Qb3 Qd7 16. cxd5 Nxd5 17. Rfd1 Rfd8 18. Rac1 Rac8 19. Nc3 Ba8 20. Nxd5 cxd5
21. Rxc8 Qxc8 22. Bxd5 Qf5 23. Bxa8 Rxd1+ 24. Qxd1 Qxf4 25. g3 Qb8 1/2-1/2

[Event "298th YMCA Winter C"]
[Site "Warsaw"]
[Date "2025.01.23"]
[Round "3"]
[White "Kepa, Wojciech"]
[Black "Szuszkiewicz, Stanislaw"]
[Result "1-0"]
[WhiteElo "1687"]
[BlackElo "1629"]
[PlyCount "101"]
[EventDate "2025.01.07"]
[EventType "tourn"]
[EventRounds "1"]
[EventCountry "POL"]
[SourceDate "2025.01.07"]

1. e4 e5 2. Nf3 Nc6 3. Bb5 a6 4. Ba4 Nf6 5. d3 b5 6. Bb3 Be7 7. c3 d6 8. O-O
Bb7 9. Re1 Na5 10. Bc2 c5 11. Nbd2 Nc6 12. Nf1 d5 13. exd5 Qxd5 14. Bg5 O-O 15.
Ne3 Qd7 16. Qe2 Ng4 17. Nxg4 Qxg4 18. h3 Qh5 19. Bxe7 Nxe7 20. Nxe5 Qg5 21. Nf3
Bxf3 22. Qxf3 Ng6 23. Bb3 Ne5 24. Qd5 Rfe8 25. d4 Rad8 26. Qe4 Ng6 27. Qxe8+
Rxe8 28. Rxe8+ Nf8 29. dxc5 Qxc5 30. Rd1 h6 31. Rdd8 Kh7 32. Rxf8 Kg6 33. Bxf7+
Kf6 34. Bb3+ Ke7 35. Rfe8+ Kf6 36. Re6+ Kf5 37. Rd5+ Kxe6 38. Rxc5+ Kf6 39. Rc8
g5 40. Rh8 g4 41. Rxh6+ Ke5 42. Rxa6 gxh3 43. Re6+ Kf5 44. g4+ Kxg4 45. Rf6 Kg5
46. Rf7 Kg6 47. Kh2 b4 48. cxb4 Kg5 49. Kxh3 Kg6 50. Kg4 Kh6 51. Kf5 1-0

[Event "298th YMCA Winter C"]
[Site "Warsaw"]
[Date "2025.02.07"]
[Round "4"]
[White "Pazderska, Magdalena"]
[Black "Szuszkiewicz, Stanislaw"]
[Result "0-1"]
[WhiteElo "1758"]
[BlackElo "1629"]
[PlyCount "86"]
[EventDate "2025.01.07"]
[EventType "tourn"]
[EventRounds "1"]
[EventCountry "POL"]
[SourceDate "2025.01.07"]

1. c4 e5 2. Nc3 Nf6 3. g3 d5 4. cxd5 Nxd5 5. Bg2 Nb6 6. Nf3 Nc6 7. O-O Bg4 8.
d3 Be7 9. Bd2 O-O 10. Rc1 f6 11. Qb3+ Kh8 12. Be3 Qd7 13. Nb5 Rac8 14. a4 Be6
15. Qd1 a6 16. Nc3 Nd5 17. Nxd5 Bxd5 18. Bd2 Qe6 19. Qe1 Rfd8 20. h4 b5 21. Kh2
Qd7 22. Bh3 Be6 23. Bxe6 Qxe6 24. axb5 axb5 25. Ra1 Ra8 26. Qc1 Qd5 27. Rd1 Bc5
28. Kg1 Qd6 29. Qc2 Nd4 30. Nxd4 Bxd4 31. Rdc1 Bb6 32. Qb3 Qd7 33. Bb4 h6 34.
Ba3 Qd4 35. Rf1 Qg4 36. Rae1 Qxg3+ 37. Kh1 Bxf2 38. Rxf2 Qxf2 39. Rg1 Qxe2 40.
Qf7 Rg8 41. Qg6 Rad8 42. Rg2 Qxd3 43. Qg4 Qd1+ 0-1

[Event "298th YMCA Winter C"]
[Site "Warsaw"]
[Date "2025.01.30"]
[Round "4"]
[White "Marczukiewicz, Slawomir"]
[Black "Kepa, Wojciech"]
[Result "1-0"]
[WhiteElo "1622"]
[BlackElo "1687"]
[PlyCount "71"]
[EventDate "2025.01.07"]
[EventType "tourn"]
[EventRounds "1"]
[EventCountry "POL"]
[SourceDate "2025.01.07"]

1. c4 Nf6 2. Nc3 e6 3. d4 d5 4. Bg5 dxc4 5. e3 Nbd7 6. Bxc4 Be7 7. Nf3 c5 8.
O-O a6 9. a4 b6 10. Qe2 Bb7 11. Rfd1 Qc7 12. Rac1 h6 13. Bf4 Qc6 14. d5 exd5
15. Nxd5 Bd8 16. e4 O-O 17. Ne5 Nxe5 18. Bxe5 Re8 19. f4 Nxd5 20. Bxd5 Qc8 21.
Bxf7+ Kxf7 22. Qh5+ g6 23. Qxh6 Rxe5 24. fxe5 Bxe4 25. Qh7+ Ke6 26. Rd6+ Kxe5
27. Rd7 Qc6 28. Rf1 Bf6 29. Rfd1 c4 30. Rc7 Qxa4 31. Re7+ Bxe7 32. Qxe7+ Kf4
33. Rf1+ Ke3 34. Re1+ Kd2 35. Qxe4 Rd8 36. Qe2# 1-0

[Event "298th YMCA Winter C"]
[Site "Warsaw"]
[Date "2025.01.29"]
[Round "4"]
[White "Milczak, Piotr"]
[Black "Glowacki, Mateusz"]
[Result "0-1"]
[WhiteElo "1679"]
[BlackElo "1687"]
[PlyCount "102"]
[EventDate "2025.01.07"]
[EventType "tourn"]
[EventRounds "1"]
[EventCountry "POL"]
[SourceDate "2025.01.07"]

1. Nf3 c5 2. c4 Nf6 3. Nc3 e6 4. g3 d5 5. cxd5 exd5 6. d4 cxd4 7. Nxd4 Nc6 8.
Bg2 Bc5 9. e3 O-O 10. O-O Bg4 11. Qd2 Ne5 12. f4 Nc6 13. Nb3 Bxe3+ 14. Qxe3 d4
15. Nxd4 Nxd4 16. Qf2 Re8 17. Be3 Nc2 18. Qxc2 Rxe3 19. Rae1 Rd3 20. Rf2 Bf5
21. Qc1 Ng4 22. Rf3 Qd4+ 23. Kh1 Rxf3 24. Bxf3 Nf2+ 25. Kg2 Bh3+ 26. Kg1 Ng4+
27. Kh1 Qf2 28. Re2 Qxf3+ 29. Kg1 Rc8 30. Qe1 Nf6 31. Rf2 Qc6 32. Rd2 Re8 33.
Qf2 Ne4 34. Nxe4 Qxe4 35. Rd1 g6 36. Rc1 Qe3 37. Rd1 Bg4 38. Rf1 Qxf2+ 39. Rxf2
Re2 40. Kf1 Rxf2+ 41. Kxf2 Be6 42. a3 Kg7 43. Kf3 h5 44. Kg2 Kf6 45. h3 Kf5 46.
Kf3 Bd5+ 47. Ke3 Bg2 48. h4 Kg4 49. Kf2 Bc6 50. b3 Bd5 51. b4 Bc6 0-1

[Event "298th YMCA Winter C"]
[Site "Warsaw"]
[Date "2025.01.28"]
[Round "4"]
[White "Wiktorowski, Janusz"]
[Black "Sypula, Krzysztof"]
[Result "1-0"]
[WhiteElo "1580"]
[BlackElo "1666"]
[PlyCount "83"]
[EventDate "2025.01.07"]
[EventType "tourn"]
[EventRounds "1"]
[EventCountry "POL"]
[SourceDate "2025.01.07"]

1. e4 g6 2. d4 Bg7 3. f4 d6 4. Bc4 c6 5. Nf3 b5 6. Bb3 a5 7. a4 b4 8. O-O Nh6
9. c3 Na6 10. Be3 O-O 11. h3 e6 12. Ng5 Qe7 13. Nd2 f6 14. Ngf3 c5 15. Nc4 d5
16. Nb6 Rb8 17. Nxc8 Rfxc8 18. exd5 c4 19. Bc2 exd5 20. Qd2 b3 21. Bd1 Nf5 22.
Bf2 Nd6 23. Re1 Ne4 24. Qe3 Re8 25. Nd2 f5 26. g4 Qd7 27. Bf3 Nc7 28. Bxe4 fxe4
29. Qg3 Bf8 30. Be3 Bd6 31. Qh4 Rf8 32. Qg5 Be7 33. Qh6 Rf7 34. Rf1 Bf8 35. Qh4
Rb6 36. Kh1 h5 37. gxh5 Rh7 38. Qg4 Qf7 39. Rg1 Rg7 40. h6 Rh7 41. f5 Qd7 42.
fxg6 1-0

[Event "298th YMCA Winter C"]
[Site "Warsaw"]
[Date "2025.02.21"]
[Round "5"]
[White "Sypula, Krzysztof"]
[Black "Pazderska, Magdalena"]
[Result "1-0"]
[WhiteElo "1666"]
[BlackElo "1758"]
[PlyCount "79"]
[EventDate "2025.01.07"]
[EventType "tourn"]
[EventRounds "1"]
[EventCountry "POL"]
[SourceDate "2025.01.07"]

1. Nf3 c5 2. c4 Nc6 3. Nc3 Nf6 4. g3 d5 5. cxd5 Nxd5 6. Bg2 e6 7. O-O Be7 8. d4
O-O 9. Nxd5 exd5 10. dxc5 Bxc5 11. Bf4 Bf5 12. Rc1 Bb6 13. a3 Re8 14. b4 Qf6
15. Qd2 Nd4 16. Nxd4 Qxd4 17. Qxd4 Bxd4 18. Rcd1 Bb2 19. Rxd5 Be6 20. Rd3 Bc4
21. Re3 Rxe3 22. Bxe3 Bxe2 23. Rb1 Bxa3 24. Rb3 Rd8 25. Bxb7 Rd1+ 26. Kg2 Ra1
27. Bd4 Bf1+ 28. Kf3 Ra2 29. Re3 Bb5 30. Bc5 a5 31. Bd5 Ra1 32. Re7 h5 33. Rxf7
Rd1 34. Rf8+ Kh7 35. Be4+ g6 36. Rb8 Bc4 37. Rb6 Rd7 38. Rxg6 Kh8 39. Bd6 Rf7+
40. Kg2 1-0

[Event "298th YMCA Winter C"]
[Site "Warsaw"]
[Date "2025.01.30"]
[Round "5"]
[White "Glowacki, Mateusz"]
[Black "Wiktorowski, Janusz"]
[Result "1-0"]
[WhiteElo "1687"]
[BlackElo "1580"]
[PlyCount "53"]
[EventDate "2025.01.07"]
[EventType "tourn"]
[EventRounds "1"]
[EventCountry "POL"]
[SourceDate "2025.01.07"]

1. e4 e5 2. Bc4 Nf6 3. d4 exd4 4. Nf3 d5 5. exd5 Be7 6. Qxd4 O-O 7. O-O h6 8.
Nc3 a6 9. Bf4 Bf5 10. Bd3 Bxd3 11. Qxd3 Nbd7 12. d6 Bxd6 13. Bxd6 cxd6 14. Qxd6
Rc8 15. Rad1 Rc6 16. Qd4 Qc7 17. Rfe1 Rc4 18. Qd3 Nb6 19. Qd6 Rc8 20. a3 Rc6
21. Qxc7 R6xc7 22. Ne5 g5 23. Rd6 Nfd7 24. Nxd7 Nxd7 25. Nd5 Rxc2 26. Ne7+ Kg7
27. Nxc8 1-0

[Event "298th YMCA Winter C"]
[Site "Warsaw"]
[Date "2025.02.05"]
[Round "5"]
[White "Alvarado, Luis"]
[Black "Milczak, Piotr"]
[Result "1-0"]
[WhiteElo "1646"]
[BlackElo "1679"]
[PlyCount "151"]
[EventDate "2025.01.07"]
[EventType "tourn"]
[EventRounds "1"]
[EventCountry "POL"]
[SourceDate "2025.01.07"]

1. e4 e6 2. d4 d5 3. Nc3 Nf6 4. e5 Nfd7 5. f4 c5 6. Nf3 Nc6 7. Be3 a6 8. Ne2
Be7 9. c3 O-O 10. h4 f6 11. Qc2 f5 12. h5 h6 13. Bf2 cxd4 14. cxd4 Nb4 15. Qd2
Qa5 16. Nc3 Nb6 17. a3 Nc4 18. Qc1 Nc6 19. Bxc4 dxc4 20. O-O Bd7 21. Rd1 Rac8
22. d5 exd5 23. Nxd5 Be6 24. Nxe7+ Nxe7 25. Rd6 Rc6 26. Nd4 Bd5 27. Nxc6 Nxc6
28. Rd7 Nd8 29. Qe3 Qb5 30. Rd6 Nf7 31. Rb6 Qa4 32. e6 Nh8 33. e7 Re8 34. Rd6
Bc6 35. Rd8 Nf7 36. Rxe8+ Bxe8 37. Qc3 Qb3 38. Qxb3 cxb3 39. Rd1 Nh8 40. Rd3
Kf7 41. Bh4 g6 42. Rxb3 Bc6 43. hxg6+ Nxg6 44. Bg3 Nxe7 45. Rd3 Ng6 46. b4 h5
47. Rd4 Be4 48. a4 Ne7 49. b5 axb5 50. axb5 Nd5 51. Kf2 Nc3 52. Rb4 Nd5 53. Rb2
Nc3 54. Rb3 Nd5 55. Bh2 Nf6 56. g3 Ke6 57. Ke1 Kd5 58. Kd2 Kc4 59. Rb2 Nd5 60.
Bg1 Ne7 61. Bf2 Nd5 62. b6 Nf6 63. Ra2 Kb5 64. Ra8 Ng4 65. Bg1 Kc6 66. Rh8 Kd5
67. Rxh5 Ke6 68. Rh8 Kf7 69. Kc3 Kg7 70. Rb8 Bc6 71. Kd4 Kf7 72. Kc5 Ke7 73.
Rc8 Kd7 74. Rc7+ Ke6 75. Rxc6+ bxc6 76. b7 1-0

[Event "298th YMCA Winter C"]
[Site "Warsaw"]
[Date "2025.02.06"]
[Round "5"]
[White "Kepa, Wojciech"]
[Black "Bachanek, Kacper"]
[Result "1-0"]
[WhiteElo "1687"]
[BlackElo "1608"]
[PlyCount "35"]
[EventDate "2025.01.07"]
[EventType "tourn"]
[EventRounds "1"]
[EventCountry "POL"]
[SourceDate "2025.01.07"]

1. e4 e5 2. Nf3 Nc6 3. d4 exd4 4. Nxd4 Qh4 5. Nc3 Bc5 6. Be3 Qf6 7. Nd5 Qd8 8.
Nb5 Bxe3 9. Ndxc7+ Kf8 10. Qd6+ Nge7 11. fxe3 a6 12. Nc3 Ra7 13. Bd3 b5 14.
N7d5 h5 15. O-O Rh6 16. Qf4 f6 17. Qd6 Ne5 18. Qxe5 1-0

[Event "298th YMCA Winter C"]
[Site "Warsaw"]
[Date "2025.02.05"]
[Round "5"]
[White "Szuszkiewicz, Stanislaw"]
[Black "Marczukiewicz, Slawomir"]
[Result "0-1"]
[WhiteElo "1629"]
[BlackElo "1622"]
[PlyCount "146"]
[EventDate "2025.01.07"]
[EventType "tourn"]
[EventRounds "1"]
[EventCountry "POL"]
[SourceDate "2025.01.07"]

1. e4 c5 2. Nf3 a6 3. c3 d5 4. exd5 Qxd5 5. d4 Bg4 6. Be2 e6 7. h3 Bh5 8. Be3
Nd7 9. O-O Ngf6 10. Nbd2 cxd4 11. Nxd4 Bxe2 12. Qxe2 Rc8 13. N2b3 Be7 14. Rad1
Qe4 15. Nf3 Nd5 16. Rd4 Qf5 17. c4 Nxe3 18. fxe3 f6 19. Rfd1 Nc5 20. Rf4 Qg6
21. Rfd4 O-O 22. Nxc5 Bxc5 23. Rd7 Rf7 24. Kh2 Re8 25. e4 Qh6 26. a3 a5 27. Qd2
Qxd2 28. R7xd2 e5 29. Rd5 b6 30. Rb1 a4 31. Ne1 Rc7 32. Nc2 Rb8 33. b4 axb3 34.
Rxb3 Kf7 35. Kg3 Ke6 36. Kf3 g6 37. g4 h5 38. Rbd3 hxg4+ 39. hxg4 Rh8 40. Kg3
Rch7 41. Nb4 Rh3+ 42. Kg2 Rh2+ 43. Kf1 Rf2+ 44. Kg1 Re2+ 45. Kf1 Rxe4 46. Na6
Rf4+ 47. Ke1 Rh1+ 48. Kd2 Rh2+ 49. Kc3 Bd4+ 50. Kb4 Rb2+ 51. Ka4 Rxg4 52. Nc7+
Kf5 53. Nb5 Bc5 54. Rc3 Rh4 55. Rf3+ Kg5 56. Rc3 Rh8 57. Nc7 Rh7 58. Rg3+ Kf4
59. Rxg6 Rxc7 60. Rxf6+ Kg5 61. Rf5+ Kxf5 62. Rxe5+ Kf4 63. Rf5+ Ke4 64. Rf4+
Kd3 65. Rf7 Be7 66. Rf3+ Ke4 67. Rb3 Ra7+ 68. Kb5 Rxb3+ 69. Kc6 Ke5 70. c5 bxc5
71. a4 c4 72. a5 Bd6 73. a6 Rc7# 0-1